000 00211nam a2200097Ia 4500
001 668056
005 20250826160342.0
008 250824s9999 xx 000 0 und d
245 0 _aGam
_cHakan Yel
260 _bALTIN
999 _c668056
_d668056